00617nam a22001817a 450000500170000001000280001702000260004503500170007103500140008803700240010208200100012610000260013624501680016225000090033026000300033927000440036930000220041320240321113618.0 aB-756109-117 ENG-139857 a9789354272158c350.00 aB-756109-117 aEN-123389 bM.K. Raina Ratnakar a649.1 aRatnakar, M. K. Raina aAn Intelligent Parent's/ Teacher's Guide To Success And Achievement Of The Child:bA step by step plan to attain top performance in children/cM. K. Raina Ratnakar a2021 bBluerose Publishersc2021 k8882898898minfo@bluerosepublishers.com a265p.c22cm (pbk)